[Event "FICGS class F 000162 email"]
[Site "FICGS email"]
[Date "2015.07.15"]
[Round "1"]
[White "Stoyanov, Zdravko"]
[Black "Bromo, Alexis"]
[Result "1-0"]
[WhiteElo "1124"]
[BlackElo "1038"]
[PlyCount "109"]
[EventDate "2015.??.??"]
[EventType "tourn (corr)"]
[EventRounds "5"]
[SourceTitle "Corr 2022"]
[Source "ChessBase"]
[SourceDate "2021.10.24"]
[SourceVersion "1"]
[SourceVersionDate "2021.10.24"]
[SourceQuality "1"]

1. e4 e5 2. Nf3 Nc6 3. Bb5 d6 4. Bxc6+ bxc6 5. h3 Ba6 6. d3 h6 7. a3 Nf6 8. 0-0 Nxe4 9. dxe4 Bxf1 10. Qxf1 Be7 11. Nc3 0-0 12. Be3 f5 13. exf5 Rxf5 14. Qd3 Rf7 15. Qg6 Kf8 16. Qh7 Ke8 17. Rd1 Qd7 18. Nxe5 dxe5 19. Rxd7 Kxd7 20. Qd3+ Bd6 21. Ne4 Rd8 22. Bxa7 Ke8 23. Qe2 Be7 24. Ng3 Bf6 25. Qh5 e4 26. Nxe4 Bxb2 27. a4 Rd5 28. Qe2 Re7 29. Qf3 Ba3 30. Nf6+ gxf6 31. Qxf6 Bd6 32. g3 Bxg3 33. Qg6+ Kf8 34. Qxh6+ Rg7 35. Qf6+ Kg8 36. Qe6+ Kh7 37. Qe4+ Rg6 38. fxg3 Kg7 39. Bd4+ Kf7 40. Qf4+ Ke8 41. Kg2 Re6 42. c3 Kd7 43. c4 Ra5 44. Qf7+ Kd6 45. c5+ Kd5 46. Qd7+ Kc4 47. Qxe6+ Kxd4 48. Qxc6 Rxc5 49. Qf6+ Kc4 50. Qf4+ Kb3 51. a5 Rxa5 52. Qxc7 Kb4 53. Qb6+ Rb5 54. Qd6+ Rc5 55. h4 1-0

[Event "FICGS class F 000162 email"]
[Site "FICGS email"]
[Date "2015.07.15"]
[Round "1"]
[White "Stoyanov, Zdravko"]
[Black "Neil, Charles"]
[Result "1-0"]
[WhiteElo "1124"]
[BlackElo "1140"]
[PlyCount "21"]
[EventDate "2015.??.??"]
[EventType "tourn (corr)"]
[EventRounds "5"]
[SourceTitle "Corr 2022"]
[Source "ChessBase"]
[SourceDate "2021.10.24"]
[SourceVersion "1"]
[SourceVersionDate "2021.10.24"]
[SourceQuality "1"]

1. e4 c6 2. Nf3 g6 3. h3 Bg7 4. c3 d6 5. Be2 Nd7 6. a3 e5 7. d3 Ne7 8. 0-0 b5 9. Ng5 a5 10. Qb3 Nc5 11. Qxf7+ 1-0

[Event "FICGS rapid E 000153 email"]
[Site "FICGS email"]
[Date "2015.06.18"]
[Round "1"]
[White "Bromo, Alexis"]
[Black "Stoyanov, Zdravko"]
[Result "1/2-1/2"]
[WhiteElo "1096"]
[BlackElo "1016"]
[PlyCount "111"]
[EventDate "2015.??.??"]
[EventType "tourn (rapid)"]
[EventRounds "6"]
[SourceTitle "Corr 2022"]
[Source "ChessBase"]
[SourceDate "2021.10.24"]
[SourceVersion "1"]
[SourceVersionDate "2021.10.24"]
[SourceQuality "1"]

1. d4 d5 2. c4 dxc4 3. Nc3 h6 4. e4 e6 5. a3 a6 6. Bxc4 b5 7. Ba2 Ne7 8. Nf3 Bb7 9. 0-0 Ng6 10. Re1 Be7 11. b4 0-0 12. h3 Nd7 13. Be3 Nb6 14. d5 exd5 15. Nxd5 Nxd5 16. exd5 Bf6 17. Rc1 Bb2 18. Rc2 Bxa3 19. Qd4 Qd6 20. Rc5 Ne7 21. Bf4 Nf5 22. Qe4 Qf6 23. Rxc7 Bc8 24. d6 Nxd6 25. Qxa8 Qxf4 26. Rxc8 Rxc8 27. Qxa6 Bxb4 28. Ne5 Rf8 29. Ng6 Qd2 30. Nxf8 Qxe1+ 31. Kh2 Kxf8 32. Qa8+ Ne8 33. Qf3 Bd6+ 34. g3 Nf6 35. Qa8+ Qe8 36. Qb7 Bxg3+ 37. fxg3 Qe2+ 38. Qg2 Qxg2+ 39. Kxg2 Ke7 40. Kf3 Kd6 41. Bxf7 Kc5 42. Ke3 Kb4 43. Kf4 Kc3 44. Kf5 b4 45. Kg6 b3 46. Bxb3 Kxb3 47. Kxg7 Ne4 48. Kxh6 Nxg3 49. Kg5 Ne4+ 50. Kf4 Nf6 51. h4 Kc4 52. Kf5 Nh5 53. Kg5 Ng7 54. h5 Nxh5 55. Kxh5 Kd4 56. Kh6 1/2-1/2

[Event "FICGS rapid E 000153 email"]
[Site "FICGS email"]
[Date "2015.06.18"]
[Round "1"]
[White "Stoyanov, Zdravko"]
[Black "Strohmeier, Josef"]
[Result "0-1"]
[WhiteElo "1016"]
[BlackElo "1487"]
[PlyCount "130"]
[EventDate "2015.??.??"]
[EventType "tourn (rapid)"]
[EventRounds "6"]
[SourceTitle "Corr 2022"]
[Source "ChessBase"]
[SourceDate "2021.10.24"]
[SourceVersion "1"]
[SourceVersionDate "2021.10.24"]
[SourceQuality "1"]

1. e4 c5 2. Nf3 d6 3. h3 Nf6 4. c3 Nxe4 5. Qa4+ Bd7 6. Qxe4 Bc6 7. Qd3 g6 8. Be2 Bg7 9. 0-0 0-0 10. Na3 Nd7 11. Re1 a6 12. Qc4 b5 13. Qf4 e5 14. Qe3 Re8 15. Nh2 d5 16. d3 d4 17. cxd4 exd4 18. Qg5 Qxg5 19. Bxg5 Nf6 20. Ng4 Nxg4 21. Bxg4 h5 22. Be2 Re6 23. Nc2 Rae8 24. Bd2 Rxe2 25. Rxe2 Rxe2 26. Rd1 Bf6 27. Kf1 Re8 28. Re1 Rxe1+ 29. Nxe1 Be5 30. f4 Bd6 31. g3 Bd5 32. b3 c4 33. bxc4 bxc4 34. dxc4 Bxc4+ 35. Kf2 Bxa2 36. Nd3 Bc4 37. Nb2 Bb5 38. Ke1 Kf8 39. Kf2 Bc5 40. Kf3 Ke7 41. Ke4 Ke6 42. Ba5 f5+ 43. Kf3 Kd5 44. g4 d3 45. gxf5 gxf5 46. Kg3 Ke4 47. Kh4 Be8 48. Bd2 Bd4 49. Nc4 Bf7 50. Nd6+ Kf3 51. Nxf7 Ke2 52. Ba5 d2 53. Bxd2 Kxd2 54. Kxh5 a5 55. Nd6 a4 56. Kg5 Kc3 57. Nb5+ Kc4 58. Na3+ Kb3 59. Nb5 Bb2 60. Kxf5 Kb4 61. Na3 Kxa3 62. Kg6 Kb3 63. f5 a3 64. f6 Bxf6 65. Kxf6 a2 0-1

[Event "FICGS class F 000159 email"]
[Site "FICGS email"]
[Date "2015.04.27"]
[Round "1"]
[White "Bromo, Alexis"]
[Black "Stoyanov, Zdravko"]
[Result "0-1"]
[WhiteElo "1196"]
[BlackElo "1104"]
[PlyCount "82"]
[EventDate "2015.??.??"]
[EventType "tourn (corr)"]
[EventRounds "5"]
[SourceTitle "Corr 2022"]
[Source "ChessBase"]
[SourceDate "2021.10.24"]
[SourceVersion "1"]
[SourceVersionDate "2021.10.24"]
[SourceQuality "1"]

1. d4 d5 2. c4 dxc4 3. Nc3 Bd7 4. e3 e6 5. Bxc4 h6 6. Nf3 Nf6 7. h3 Be7 8. a3 0-0 9. 0-0 a6 10. b4 c6 11. Bb2 b5 12. Bb3 a5 13. bxa5 Qxa5 14. Ne5 Bc8 15. Ne2 Bd6 16. Nd3 Ne4 17. Bc1 Nd7 18. Ra2 b4 19. a4 Ba6 20. f3 Nef6 21. Bd2 c5 22. dxc5 Bxc5 23. Nxc5 Qxc5 24. Nd4 Nd5 25. Re1 Ne5 26. Bxd5 Qxd5 27. Ra1 Nd3 28. Bxb4 Nxb4 29. e4 Qc5 30. Kh1 e5 31. Nf5 Rad8 32. Qb3 Rd3 33. Qb2 Rc3 34. Rec1 Rxc1+ 35. Rxc1 Qa5 36. Qb3 Nd3 37. Rc6 Nf4 38. Nd6 Qe1+ 39. Kh2 Qf2 40. Qc2 Be2 41. Nf5 Qxg2# 0-1